000 00250nam a22001217a 4500
008 180126b xxu||||| |||| 00| 0 eng d
041 _aeng
080 _a591
100 _a7
101 _azoo
245 _aanimal disase
_calfred.s
942 _2udc
_cBK
999 _c40989
_d40989